Νταντά και υπερρεαλισμός
Αποθηκεύτηκε σε:
| Κύριος συγγραφέας: | |
|---|---|
| Μορφή: | Βιβλίο |
| Γλώσσα: | Greek English |
| Δημοσίευση: |
Αθήνα :
Καστανιώτη,
1999.
|
| Σειρά: | Τέχνη και ιδέες (Καστανιώτης)
|
| Θέματα: | |
| Ετικέτες: |
Προσθήκη ετικέτας
Δεν υπάρχουν, Καταχωρήστε ετικέτα πρώτοι!
|
MARC
| LEADER | 00000cam a2200000 i 4500 | ||
|---|---|---|---|
| 001 | 1/35149 | ||
| 008 | 030408s1999 gr | ||| |||| ||gre|| | ||
| 020 | |a 9600324484 | ||
| 035 | |l 10069829 | ||
| 040 | |a GR-MyUa |b gre |e AACR2 | ||
| 041 | 1 | |a gre |h eng | |
| 082 | 7 | |a 709.0406 |2 (21) | |
| 100 | 1 | |a Gale, Matthew. | |
| 245 | 1 | 0 | |a Νταντά και υπερρεαλισμός / |c Μάθιου Γκαίηλ ; μετάφραση: Γιώργος-Ίκαρος Μπαμπασάκης. |
| 260 | |a Αθήνα : |b Καστανιώτη, |c 1999. | ||
| 300 | |a 447 σ. : |b εγχρ. εικ. ; |c 22 εκ. | ||
| 490 | 1 | |a (Τέχνη και ιδέες / Καστανιώτης) | |
| 500 | |a Τίτλος πρωτοτύπου: Dada & surrealism. | ||
| 504 | |a Βιβλιογραφία: σ. 438-439. Ευρετήριο. | ||
| 650 | 0 | |a Dadaism. | |
| 650 | 0 | |a Surrealism. | |
| 650 | 0 | |a Arts, Modern |y 20th century. | |
| 830 | 0 | |a Τέχνη και ιδέες (Καστανιώτης) | |
| 852 | |a INST |b LESVOS |e 20110729 |h 709.0406 GAL |p 005100050018 |q 005100050018 |t BK |y 0 | ||
| 852 | |a INST |b SYROS |e 20030408 |h 709.0406 GAL |p 005500002500 |q 005500002500 |t BK |y 0 | ||
| 901 | |a BIBL5-2003-1 | ||
| 901 | |a BIBL1-2011-2 | ||
| 970 | |a Καγιαβά |b Ειρήνη |z 08/04/2003 | ||